| 000 | 00816nas a2200253 4500 | ||
|---|---|---|---|
| 001 | BR2013004862 | ||
| 003 | BR-BrBNA | ||
| 005 | 20231205122605.0 | ||
| 007 | ta | ||
| 008 | 230509b bl.|||p| |||| 00| 00por d | ||
| 040 |
_aBR-BrBNA _bpor _cBiblioteca Nacional de Agricultura |
||
| 041 | _a(Pt) | ||
| 072 | _aF06; K10 | ||
| 100 | 1 | _aTonello, K.C. | |
| 100 | 1 | _aTeixeira Filho, J. | |
| 245 | 1 | _aEcofisiologia de tres espécies arbóreas nativas da Mata Atlântica do Brasil em diferentes regimes de água | |
| 650 | _aESPÉCIE NATURAL | ||
| 650 | _aFISIOLOGIA VEGETAL | ||
| 650 | _aPOTENCIAL HÍDRICO | ||
| 650 | _aTRANSPIRAÇÃO VEGETAL | ||
| 773 | 0 |
_tIrriga (Brazil) _xISSN 1808-3765 _g(Jan-Mar 2012), V. 17(1) p. 85-101 _wBR2013004862 |
|
| 909 |
_a202311 _bLúcia _c55 _dLúcia Elande |
||
| 942 |
_2AGRIS _n0 _cANA |
||
| 999 |
_c229456 _d229456 |
||